000
00305nam a2200133Ia 4500
008
230216s9999 xx 000 0 und d
082
_b
RED-A
100
_a
REDDY D S
245
0
_a
APPLIED ENTOMOLOGY
250
_a
4TH
260
_a
DJ BOOK DELHI
_b
NEW VISHAL PUBLICATION
300
_a
264
942
_c
BK
999
_c
41463
_d
41463